<?xml version="1.0" encoding="UTF-8"?><?xml-stylesheet type="text/xsl" href="static/style.xsl"?><OAI-PMH xmlns="http://www.openarchives.org/OAI/2.0/" xmlns:xsi="http://www.w3.org/2001/XMLSchema-instance" xsi:schemaLocation="http://www.openarchives.org/OAI/2.0/ http://www.openarchives.org/OAI/2.0/OAI-PMH.xsd"><responseDate>2026-04-13T02:37:53Z</responseDate><request verb="GetRecord" identifier="oai:www.recercat.cat:10256/25438" metadataPrefix="marc">https://recercat.cat/oai/request</request><GetRecord><record><header><identifier>oai:recercat.cat:10256/25438</identifier><datestamp>2024-10-29T20:45:15Z</datestamp><setSpec>com_2072_452955</setSpec><setSpec>com_2072_2054</setSpec><setSpec>col_2072_452957</setSpec></header><metadata><record xmlns="http://www.loc.gov/MARC21/slim" xmlns:dcterms="http://purl.org/dc/terms/" xmlns:xsi="http://www.w3.org/2001/XMLSchema-instance" xmlns:doc="http://www.lyncode.com/xoai" xsi:schemaLocation="http://www.loc.gov/MARC21/slim http://www.loc.gov/standards/marcxml/schema/MARC21slim.xsd">
   <leader>00925njm 22002777a 4500</leader>
   <datafield ind2=" " ind1=" " tag="042">
      <subfield code="a">dc</subfield>
   </datafield>
   <datafield ind2=" " ind1=" " tag="720">
      <subfield code="a">Zoraja, Domagoj</subfield>
      <subfield code="e">author</subfield>
   </datafield>
   <datafield ind2=" " ind1=" " tag="720">
      <subfield code="a">Petković, Tomislav</subfield>
      <subfield code="e">author</subfield>
   </datafield>
   <datafield ind2=" " ind1=" " tag="720">
      <subfield code="a">Forest Collado, Josep</subfield>
      <subfield code="e">author</subfield>
   </datafield>
   <datafield ind2=" " ind1=" " tag="720">
      <subfield code="a">Pribanic, Tomislav</subfield>
      <subfield code="e">author</subfield>
   </datafield>
   <datafield ind2=" " ind1=" " tag="260">
      <subfield code="c">2023-06-08</subfield>
   </datafield>
   <datafield ind2=" " ind1=" " tag="520">
      <subfield code="a">The development of a robust 3D imaging system for underwater applications is a crucial process in underwater imaging where the physical properties of the underwater environment make the implementation of such systems challenging. Calibration is an essential step in the application of such imaging systems and is performed to acquire the parameters of the image formation model and to enable 3D reconstruction. We present a novel calibration method for an underwater 3D imaging system comprising a pair of cameras, of a projector, and of a single glass interface that is shared between cameras and projector(s). The image formation model is based on the axial camera model. The proposed calibration uses a numerical optimization of a 3D cost function to determine all system parameters, thus avoiding the minimization of re-projection errors which require numerically solving a 12th order polynomial equation multiple times for each observed point. We also propose a novel stable approach to estimate the axis of the axial camera model. The proposed calibration was experimentally evaluated on four different glass interfaces, wherein several quantitative results were reported, including the re-projection error. The achieved mean angular error of the system’s axis was under (Formula presented.), and the mean absolute errors for the reconstruction of a flat surface were (Formula presented.) mm for normal glass interfaces and (Formula presented.) mm for the laminated glass interface, which is more than sufficient for application</subfield>
   </datafield>
   <datafield ind2=" " ind1=" " tag="520">
      <subfield code="a">This work has been supported by the Croatian Science Foundation under the grant number HRZZ-IP-2019-04-9157 (3D-CODING). Domagoj Zoraja is a doctoral student supported by the Croatian Science Foundation under the grant number DOK-2021-02-9474</subfield>
   </datafield>
   <datafield ind1="8" ind2=" " tag="024">
      <subfield code="a">http://hdl.handle.net/10256/25438</subfield>
   </datafield>
   <datafield tag="653" ind2=" " ind1=" ">
      <subfield code="a">underwater imaging</subfield>
   </datafield>
   <datafield tag="653" ind2=" " ind1=" ">
      <subfield code="a">Calibratge</subfield>
   </datafield>
   <datafield tag="653" ind2=" " ind1=" ">
      <subfield code="a">Calibration</subfield>
   </datafield>
   <datafield tag="653" ind2=" " ind1=" ">
      <subfield code="a">Imatgeria tridimensional</subfield>
   </datafield>
   <datafield tag="653" ind2=" " ind1=" ">
      <subfield code="a">Three-dimensional imaging</subfield>
   </datafield>
   <datafield ind2="0" ind1="0" tag="245">
      <subfield code="a">Calibration of a Structured Light Imaging System in Two-Layer Flat Refractive Geometry for Underwater Imaging †</subfield>
   </datafield>
</record></metadata></record></GetRecord></OAI-PMH>